Relación del consumo de alcohol y el monitoreo parental con el inicio de las relaciones sexuales de los adolescentes escolarizados de Colombia (Record no. 208017)
[ view plain ]
| 000 -CABECERA | |
|---|---|
| campo de control de longitud fija | 02359cab a2200301 a 4500 |
| 005 - FECHA Y HORA DE LA ÚLTIMA TRANSACCIÓN | |
| campo de control | 20230111121200.0 |
| 008 - ELEMENTOS DE LONGITUD FIJA--INFORMACIÓN GENERAL | |
| campo de control de longitud fija | 991125c2019 ck fr p o 000 0 spa d |
| 035 ## - NÚMERO DE CONTROL DEL SISTEMA | |
| Número de control de sistema | UPN01000235922 |
| 040 ## - FUENTE DE LA CATALOGACIÓN | |
| Centro catalogador/agencia de origen | MX-MxUPN |
| Lengua de catalogación | spa |
| Normas de descripción | aacr2 |
| Centro/agencia transcriptor | MX-MxUPN |
| 049 ## - COLECCIÓN | |
| Colección | ART-E |
| 100 1# - ASIENTO PRINCIPAL--NOMBRE PERSONAL | |
| Nombre de persona | Rodríguez López, Amanda |
| 9 (RLIN) | 47556 |
| 100 1# - ASIENTO PRINCIPAL--NOMBRE PERSONAL | |
| Nombre de persona | Rico Díaz, Diana |
| 9 (RLIN) | 47559 |
| 100 1# - ASIENTO PRINCIPAL--NOMBRE PERSONAL | |
| Nombre de persona | Montero Meneses, Olga Lucía |
| 100 1# - ASIENTO PRINCIPAL--NOMBRE PERSONAL | |
| Nombre de persona | Rubio León, Ángel Manuel |
| 9 (RLIN) | 47578 |
| 245 00 - MENCIÓN DE TÍTULO | |
| Título | Relación del consumo de alcohol y el monitoreo parental con el inicio de las relaciones sexuales de los adolescentes escolarizados de Colombia |
| Medio | [recurso electrónico en línea] |
| 506 0# - NOTA DE RESTRICCIONES AL ACCESO | |
| Limitaciones de acceso | Acceso abierto |
| 520 3# - NOTA DE RESUMEN, ETC. | |
| Sumario, etc. | El objetivo del presente estudio es evaluar si existe relación del consumo de alcohol y el monitoreo parental con el inicio de las relaciones sexuales de los adolescentes. Se buscó identificar la relación entre el inicio sexual y el consumo de alcohol, la relación entre el inicio sexual y el monitoreo parental, y, finalmente, comparar los resultados del monitoreo parental según la percepción de los padres y de los hijos. Se toma una muestra de 1916 estudiantes y 570 padres. El diseño metodológico es de tipo descriptivo-correlacional, transversal, y se analiza por medio de la herramienta spss v.22. Los resultados indican que existe una relación entre el inicio de la vida sexual, el consumo de alcohol y el bajo nivel de monitoreo. La percepción del monitoreo ejercido por los padres en cuanto al paradero, las actividades y las relaciones de los hijos es similar en los dos grupos (adolescentes y padres). Los resultados permiten concluir la necesidad de planeación y ejecución de programas de prevención del consumo de alcohol y del inicio temprano de la actividad sexual en adolescentes, lo cual promueva la participación de la familia en consideración al monitoreo parental como factor protecto |
| 650 #0 - ASIENTO SECUNDARIO DE MATERIA - TERMINO TEMATICO | |
| Término de materia o nombre geográfico como elemento de entrada | Adolescentes |
| 9 (RLIN) | 1014 |
| 653 0# - TERMINO DE INDIZACION - NO CONTROLADO | |
| Término no controlado | CONSUMO DE ALCOHOL |
| 653 0# - TERMINO DE INDIZACION - NO CONTROLADO | |
| Término no controlado | RELACIONES SEXUALES |
| 653 0# - TERMINO DE INDIZACION - NO CONTROLADO | |
| Término no controlado | PARTICIPACION FAMILIAR |
| 773 ## - ENLACE AL DOCUMENTO FUENTE/ENTRADA DE REGISTRO ANFITRIÓN | |
| Parte(s) relacionada(s) | Vol. 12, no. 1 (2019) p. 95-106 |
| Título | Academia y virtualidad |
| Número Internacional Normalizado para Publicaciones Seriadas | 2011-0731 |
| 856 4# - LOCALIZACIÓN Y ACCESO ELECTRÓNICOS | |
| Identificador Uniforme del Recurso | <a href="https://revistas.unimilitar.edu.co/index.php/ravi/article/view/4338/3628">https://revistas.unimilitar.edu.co/index.php/ravi/article/view/4338/3628</a> |
| 856 4# - LOCALIZACIÓN Y ACCESO ELECTRÓNICOS | |
| Identificador Uniforme del Recurso | <a href="https://doi.org/10.18359/ravi.4338">https://doi.org/10.18359/ravi.4338</a> |
| Nota pública | Consultar articulo completo |
| 905 ## - TIPO DE MATERIAL | |
| Tipo de material | Articulo |
| 942 ## - ELEMENTOS DE PUNTO DE ACCESO ADICIONAL (KOHA) | |
| Tipo de ítem Koha | Artículo Electrónico |
| Estado de retiro | Estado de pérdida | Estado dañado | No para préstamo | Código de colección | Localización permanente | Ubicación/localización actual | Ubicación en estantería | Fecha de adquisición | Fecha visto por última vez | Identificador Uniforme del Recurso | Tipo de ítem Koha |
|---|---|---|---|---|---|---|---|---|---|---|---|
| Acceso abierto | Bib. Gregorio Torres Quintero | Bib. Gregorio Torres Quintero | En línea | 09/08/2022 | 09/08/2022 | https://doi.org/10.18359/ravi.4338 | Artículo Electrónico |
